Reverse numbers 100 to 0 in one minute - Statistics

General Stats
  • This quiz has been taken 981 times
  • The average score is 60 of 101
Answer Stats
Number % Correct
100
100%
99
99%
97
98%
98
98%
96
97%
91
96%
92
96%
93
96%
94
96%
95
96%
90
94%
89
93%
88
92%
86
91%
87
91%
82
90%
83
90%
84
90%
85
90%
81
89%
79
87%
80
87%
77
86%
78
86%
75
85%
76
85%
72
84%
73
84%
74
84%
71
83%
70
82%
69
81%
67
80%
68
80%
65
78%
66
78%
64
77%
62
76%
63
76%
61
75%
60
74%
59
73%
56
72%
57
72%
58
72%
55
71%
53
70%
54
70%
52
69%
51
68%
50
65%
49
64%
48
63%
47
62%
45
61%
46
61%
44
60%
43
58%
42
57%
41
56%
40
55%
39
53%
38
52%
37
51%
36
50%
35
49%
34
48%
33
46%
32
43%
31
41%
30
40%
28
35%
29
35%
27
34%
26
33%
24
32%
25
32%
23
30%
22
29%
21
28%
20
26%
19
23%
18
22%
17
21%
16
20%
14
19%
15
19%
13
17%
12
16%
11
14%
10
13%
7
12%
8
12%
9
12%
5
11%
6
11%
3
10%
4
10%
0
9%
1
9%
2
9%
No matching quizzes found
Score Distribution
Percent of People with Each Score
Percentile by Number Answered
Your Score History
You have not taken this quiz